| 000 | 02380nam a22001817a 4500 | ||
|---|---|---|---|
| 008 | 161227b xxu||||| |||| 00| 0 spa d | ||
| 020 | _a978-987-719-076-2 | ||
| 082 | 1 | 4 |
_214 _a028 |
| 100 | 1 |
_94393 _aAndruetto, María Teresa |
|
| 245 | 1 | 3 |
_aLa lectura, otra revolución / _cMaría Teresa Andruetto. |
| 260 |
_aBuenos Aires : _bFondo de Cultura Económica, _c2015. |
||
| 300 | _a192 p. | ||
| 505 | 0 | _aLiminar -- La vida misma -- Mi casa -- Libros sin edad: acerca de libros, lectores, dádivas y puentes -- En busca de una lengua no escuchada todavía -- Algunas aproximaciones a la poesía y los niños -- Libertad condicional -- La escena en el cuento -- Elogio de la dificultad: formar un lector de literatura -- La lectura, otra revolución -- Leer, derechos de todos -- Que todos signifique todos, pero ¿qué es todos? -- Literatura y memoria. | |
| 520 | 1 | _aLa pregunta ya no es si se lee más o menos que antes, nos dice María Teresa Andruetto, sino qué podemos hacer para mejorar la calidad de los lectores. Cometido que no sólo atraviesa a la familia y a la escuela como espacios para instalar la lectura y crear conciencia acerca de nosotros mismos, sino también a escritores y a editores que, desde su propia labor, construyen un tipo u otro de lectores al oponer o no resistencia ante la demanda de uniformidad en los modos de decir. En este sentido, sostiene Andruetto, la literatura es un espacio de desacato capaz de hacer que los lectores, en el transcurso de la lectura, sorteen riesgos, luchas, y se planteen todo tipo de preguntas. En el acto de leer, propone la autora, un libro se convierte en un ser vivo, capaz de interrogarnos, perturbarnos y enseñarnos a mirar zonas aún no comprendidas de nosotros mismos. Y estos libros requieren también lectores capaces de dialogar con ellos, de comprender que la única libertad de pensamiento es la libertad que se construye. Ésta es la revolución que debemos emprender en el terreno de la lectura. Con una mirada crítica, Andruetto traza en este conjunto de textos —la mayoría de ellos pronunciados en congresos, coloquios y otros encuentros sobre la literatura infantil y juvenil y la promoción de la lectura— diversos caminos a través de los cuales transitar para entender qué significa leer hoy en día. | |
| 650 | 0 |
_94332 _aLECTURA |
|
| 942 |
_2ddc _cLIBRO |
||
| 980 |
_82 _gVirginia Figueroa |
||
| 999 |
_c3453 _d3453 |
||